000 00630nam a2200229Ia 4500
003 OSt
005 20221007072029.0
006 a|||||r|||| 00| 0
007 ta
008 221006b |||||||| |||| 00| 0 eng d
024 _a10,992
037 _cTextual
040 _aFLL
_cFLL
_beng
041 _2eng
_aeng
082 _aVIo3:2:9Z, H2
100 _aWheare K.C. Au.
_9689937
245 0 _aStatute of westminster and dominion status
260 _aLondon
_bOxford university press London
_c1942
300 _a328p
_ccm.
942 _hVIo3:2:9Z, H2
_cTEXL
_2CC
999 _c1145032
_d1145032